[Event "Baltic Zonal III Stage 2018"]
[Site "Liepaja"]
[Date "2018.07.10"]
[Round "2"]
[White "Ladva, Ottomar"]
[Black "Kovalenko, Igor"]
[Result "1/2-1/2"]
[WhiteElo "2498"]
[BlackElo "2624"]
[Annotator "TA"]
[PlyCount "243"]
[EventDate "2018.07.09"]
[EventType "swiss"]
[EventCountry "LAT"]
[SourceTitle "playchess.com"]
[Source "ChessBase"]
[SourceQuality "1"]

{[%evp 14,243,31,29,38,43,49,36,41,27,34,38,55,23,24,14,37,28,25,2,24,25,27,27,26,29,48,49,59,65,66,54,64,56,52,-35,-21,-66,-31,-46,-46,-32,-39,-62,-80,-72,-71,-66,-73,-116,0,0,0,0,0,0,0,0,0,0,16,-8,-10,-10,-10,-60,-59,-128,-125,-116,-44,-55,-21,-24,-24,-28,-29,-29,-33,-35,-18,-34,-34,-34,-34,-34,-35,-41,0,-14,-14,-14,-11,-14,-11,-11,-11,-14,-14,-14,-14,-14,-14,-14,-14,-14,-14,-31,-14,-15,-14,-14,-14,-20,-14,-14,-14,-14,-14,-14,-14,-14,-14,-14,0,0,0,-8,-14,-18,0,0,0,0,0,0,0,0,0,-8,0,0,0,0,0,0,0,0,0,0,0,0,0,0,0,0,0,0,0,0,0,-8,0,0,0,0,0,0,0,0,0,0,0,0,0,0,0,0,0,0,0,0,0,0,0,0,0,0,0,0,0,-8,0,0,0,-8,-8,-8,-8,-8,-8,-8,-8,-8,0,0,0,0,0,0,0,0,0,0,0,0,0,0,0,0,0,0,0,0,0,0,0,0,0,0,0,0]} 1. d4 Nf6 2. Nf3 g6 3. g3 b6 4. Bg2 Bb7 5. c4 Bg7 6. O-O O-O 7. Qc2 Be4 {A50: Damenindisch (ohne e7-e6)} (7... c5 8. d5 b5 9. e4 bxc4 10. Rd1 d6 11. Na3 Nbd7 12. Nxc4 Ng4 13. Bd2 Ba6 14. Rab1 Nge5 15. Nfxe5 Nxe5 16. Nxe5 Bxe5 {½-½ (42) Mamedyarov,S (2799)-Artemiev,V (2691) Riadh 2017}) 8. Qa4 $146 {LiveBook: 5 Partien} ({Vorgänger:} 8. Qb3 Nc6 9. Nbd2 d5 10. Qd1 Rc8 11. b3 dxc4 12. Bb2 cxb3 13. Nxe4 Nxe4 14. axb3 Na5 15. Qc2 {1-0 (41) Pashikian,A (2603)-Khismatullin,D (2651) Minsk 2017}) 8... c5 9. d5 e6 {Weiß steht etwas besser.} 10. Nc3 exd5 11. cxd5 Bxf3 12. Bxf3 d6 13. Qh4 Nbd7 14. Bf4 (14. a4 {feels hotter.} h5 15. Bf4 Qb8 16. e3 Re8 17. Qh3) 14... Ne8 15. Qxd8 Rxd8 16. a4 a6 17. e4 Ne5 18. Be2 Nc7 19. Rab1 Rfe8 20. Rfc1 f5 21. exf5 gxf5 22. b4 Ng6 23. Bg5 Rb8 24. Bd3 (24. Kf1 $14) 24... Ne5 $1 $36 {[%cal Re5d3][%mdl 2048] Schwarz steht aktiver.} 25. bxc5 bxc5 26. Rxb8 Rxb8 27. Be2 Nf7 28. Bf4 Bxc3 29. Rxc3 Nxd5 30. Rf3 Rb4 31. a5 Ra4 (31... c4 $17 32. Kg2 Kg7) 32. Bxa6 $11 Rxa5 33. Bc4 Nxf4 34. Rxf4 {[%mdl 4096] Endspiel KTL-KTS} Kg7 35. Rxf5 Ne5 36. Be6 $1 Ra7 37. Kg2 Re7 38. Bd5 h6 39. h4 c4 $1 {[%cal Bc5c4,Bc4c3][%mdl 32]} 40. Rf4 (40. Rxe5 $1 $15 Rxe5 41. Bxc4) 40... c3 $17 {Droht stark ...c2.} 41. Bb3 {[#]} Rb7 ({Günstiger ist} 41... d5 $1 $17 {Droht ...Tb7 und aus.} 42. Rd4 Rd7) 42. Ba4 $15 Rb2 43. Rd4 Ra2 44. Bd1 c2 {[#]} 45. Bxc2 $1 {[%mdl 512]} Rxc2 46. Rxd6 $11 {KTS-KT} Ng4 47. Kf3 h5 48. Kf4 $1 Rc4+ (48... Rxf2+ $2 49. Kg5 $17) 49. Kf3 Rc3+ 50. Kf4 $1 Rc4+ 51. Kf3 Rc5 52. Rd2 Kf6 53. Kg2 Rc3 54. Rd5 Kg6 {zielt auf ...Tc2 ab.} 55. Rg5+ Kh6 {...Tc2 ist eine echte Drohung.} 56. Rf5 Rc2 57. Rf4 Kg6 {Schwarz will ...Ta2 spielen.} 58. Kg1 Rb2 59. Kg2 Ne3+ 60. Kg1 Nd5 (60... Rb1+ {is more complex.} 61. Kh2 Ng4+ 62. Kh3 Ra1 63. f3 Nf2+) 61. Rf3 {Die Stellung ist ausgeglichen.} Rb4 62. Kg2 Rd4 63. Kg1 Nf6 64. Kg2 Kf7 65. Rf5 Ke6 66. Rg5 Rd2 67. Kg1 Rb2 68. Kf1 Ne4 69. Rxh5 Rxf2+ 70. Ke1 Ra2 {Und weiter mit ...Ta1+ wäre nett.} 71. Rh8 Nxg3 72. h5 Ra1+ 73. Kd2 Ne4+ 74. Kd3 Nf6 75. h6 Ra7 76. Kd4 Rf7 77. h7 Rd7+ 78. Ke3 $1 Nxh7 79. Re8+ Kf5 80. Re4 Nf6 81. Rf4+ Ke5 {Weiss muss nun ...Sd5+ beachten.} 82. Ra4 Nd5+ 83. Kf2 Rf7+ 84. Kg3 Nc3 85. Ra5+ Ke4 86. Kg4 Rg7+ 87. Rg5 Ra7 88. Rg8 Re7 89. Kg3 Ne2+ 90. Kf2 Nd4 91. Rg4+ Kd3 92. Rg3+ Kd2 93. Rg8 Rf7+ 94. Kg2 Rf6 95. Rd8 Ke3 96. Re8+ Ne6 97. Re7 Ke2 98. Ra7 Rg6+ 99. Kh3 Nd4 100. Kh4 Ke3 101. Kh5 Rg1 102. Ra5 Kf4 103. Ra4 Ke4 104. Kh6 Ke5 105. Kh5 Nf3 106. Ra5+ Kf6 107. Ra6+ Kf5 {[%cal Rg1h1]} 108. Ra5+ Ne5 {[%cal Rg1h1]} (108... Ke6 {feels hotter.} 109. Ra6+ Kd7 110. Ra7+ Kc6 111. Ra6+ Kc7) 109. Kh4 $1 Rg8 110. Kh3 Rg1 111. Kh4 Rc1 112. Kh3 Kf4 113. Ra4+ (113. Ra8 {is interesting.} Rc3+ 114. Kh2 Nf3+ 115. Kg2 Ne1+ 116. Kh2) 113... Nc4 (113... Ke3 {seems wilder.} 114. Ra3+ Kf2 115. Ra2+ Ke1 116. Ra4 Nc4) 114. Ra8 Nd6 (114... Nb2 {keeps more tension.} 115. Rf8+ Ke5 116. Re8+ Kf5 117. Kg2 Kf6) 115. Kg2 Rc3 116. Rf8+ Nf5 117. Kf2 Rc2+ 118. Ke1 Ke4 119. Re8+ Kd3 120. Rd8+ Nd4 121. Kf1 Ra2 122. Ke1 {Precision: Weiß = 70%, Schwarz = 60%.} 1/2-1/2

[Event "Baltic Zonal III Stage 2018"]
[Site "Liepaja"]
[Date "2018.07.10"]
[Round "2"]
[White "Kanep, Meelis"]
[Black "Kulaots, Kaido"]
[Result "1/2-1/2"]
[WhiteElo "2440"]
[BlackElo "2555"]
[Annotator "ChessBase"]
[PlyCount "31"]
[EventDate "2018.07.09"]
[EventType "swiss"]
[EventCountry "LAT"]
[SourceTitle "playchess.com"]
[Source "ChessBase"]
[SourceQuality "1"]
[TimeControl "5400+30"]

1. Nf3 {[%emt 0:00:22]} Nf6 {[%emt 0:00:01]} 2. g3 {[%emt 0:00:16]} g6 {[%emt 0:00:20]} 3. Bg2 {[%emt 0:00:05]} Bg7 {[%emt 0:00:05]} 4. d4 {[%emt 0:00:21]} d5 {[%emt 0:01:43]} 5. O-O {[%emt 0:00:24]} O-O {[%emt 0:00:24]} 6. c4 {[%emt 0:00:16]} c6 {[%emt 0:00:43]} 7. Qa4 {[%emt 0:01:24]} Nfd7 {[%emt 0:02:54]} 8. cxd5 {[%emt 0:01:19]} Nb6 {[%emt 0:01:27]} 9. Qd1 {[%emt 0:00:07]} cxd5 {[%emt 0:00:08]} 10. Nc3 {[%emt 0:00:33]} Nc6 {[%emt 0:00:36]} 11. e3 {[%emt 0:04:23]} Bf5 {[%emt 0:01:32]} 12. b3 {[%emt 0:01:58]} Rc8 {[%emt 0:02:29]} 13. Bb2 {[%emt 0:02:31]} Qd7 {[%emt 0:00:32]} 14. Qe2 {[%emt 0:01:51]} Bh3 {[%emt 0:00:44]} 15. Rfd1 {[%emt 0:06:10]} Bxg2 {[%emt 0:00:33]} 16. Kxg2 {[%emt 0:00:09]} 1/2-1/2

[Event "Baltic Zonal III Stage 2018"]
[Site "Liepaja"]
[Date "2018.07.10"]
[Round "2"]
[White "Pultinevicius, Paulius"]
[Black "Kveinys, Aloyzas"]
[Result "1-0"]
[WhiteElo "2422"]
[BlackElo "2537"]
[Annotator "ChessBase"]
[PlyCount "77"]
[EventDate "2018.07.09"]
[EventType "swiss"]
[EventCountry "LAT"]
[SourceTitle "playchess.com"]
[Source "ChessBase"]
[SourceQuality "1"]
[TimeControl "5400+30"]

1. d4 {[%emt 0:00:00]} Nf6 {[%emt 0:00:38]} 2. c4 {[%emt 0:00:00]} e6 {[%emt 0:00:28]} 3. Nf3 {[%emt 0:00:00]} d5 {[%emt 0:00:17]} 4. Nc3 {[%emt 0:00:00]} c6 {[%emt 0:00:19]} 5. e3 {[%emt 0:01:01]} Nbd7 {[%emt 0:00:13]} 6. Qc2 {[%emt 0:00:10]} a6 {[%emt 0:00:48]} 7. b3 {[%emt 0:02:30]} c5 {[%emt 0:04:42]} 8. cxd5 exd5 {[%emt 0:00:16]} 9. dxc5 {[%emt 0:08:07]} Nxc5 {[%emt 0:02:29]} 10. Bb2 {[%emt 0:00:08]} Be6 {[%emt 0:00:53]} 11. Be2 {[%emt 0:01:29]} Rc8 {[%emt 0:01:51]} 12. O-O {[%emt 0:04:26]} Bd6 {[%emt 0:03:45]} 13. Rac1 {[%emt 0:02:04]} O-O {[%emt 0:00:27]} 14. Qb1 {[%emt 0:02:31]} Qe7 {[%emt 0:03:15]} 15. Rfd1 {[%emt 0:04:22]} Rfd8 {[%emt 0:00:25]} 16. Ng5 {[%emt 0:17:08]} h6 {[%emt 0:08:07]} 17. Nf3 {[%emt 0:09:19]} Nfe4 {[%emt 0:09:12]} 18. Nxe4 {[%emt 0:01:12]} dxe4 {[%emt 0:00:23]} 19. Nd4 {[%emt 0:00:55]} Bd7 {[%emt 0:00:41]} 20. Rd2 {[%emt 0:01:56]} Re8 {[%emt 0:02:17]} 21. Rcd1 {[%emt 0:05:24]} Bb8 {[%emt 0:05:04]} 22. Qa1 {[%emt 0:00:28]} Qg5 {[%emt 0:01:33]} 23. Nc2 {[%emt 0:08:34]} Be6 {[%emt 0:09:13]} 24. Ne1 {[%emt 0:02:14]} h5 {[%emt 0:10:52]} 25. Rc2 {[%emt 0:07:06]} b6 {[%emt 0:14:56]} 26. Rd4 {[%emt 0:04:01]} a5 {[%emt 0:01:25]} 27. Qd1 {[%emt 0:01:19]} h4 {[%emt 0:00:20]} 28. Bc4 {[%emt 0:02:12]} Bxc4 {[%emt 0:02:54]} 29. Rcxc4 {[%emt 0:00:47]} Be5 {[%emt 0:01:07]} 30. Rd5 {[%emt 0:02:33]} Rcd8 {[%emt 0:05:52]} 31. Rcd4 {[%emt 0:01:28]} Rxd5 {[%emt 0:02:35]} 32. Rxd5 {[%emt 0:00:05]} Nd3 {[%emt 0:01:50]} 33. Nxd3 {[%emt 0:02:19]} Bxh2+ {[%emt 0:00:05]} 34. Kxh2 {[%emt 0:00:08]} Qxd5 {[%emt 0:00:01]} 35. Qg4 {[%emt 0:00:08]} Qd6+ {[%emt 0:02:25]} 36. Nf4 {[%emt 0:00:12]} f6 {[%emt 0:00:19]} 37. Bd4 {[%emt 0:00:31]} g5 {[%emt 0:00:50]} 38. Kg1 {[%emt 0:00:38]} Rf8 {[%emt 0:01:21]} 39. Nh5 {[%emt 0:00:21]} 1-0

[Event "Baltic Zonal III Stage 2018"]
[Site "Liepaja"]
[Date "2018.07.10"]
[Round "2"]
[White "Seeman, Tarvo"]
[Black "Haavamae, Henrik"]
[Result "1-0"]
[WhiteElo "2414"]
[BlackElo "2185"]
[Annotator "ChessBase"]
[PlyCount "137"]
[EventDate "2018.07.09"]
[EventType "swiss"]
[EventCountry "LAT"]
[SourceTitle "playchess.com"]
[Source "ChessBase"]
[SourceQuality "1"]
[TimeControl "5400+30"]

1. Nf3 {[%emt 0:00:00]} c5 {[%emt 0:00:02]} 2. c4 {[%emt 0:00:31]} Nc6 {[%emt 0:00:15]} 3. Nc3 {[%emt 0:00:06]} Nf6 {[%emt 0:01:11]} 4. d4 {[%emt 0:02:39]} cxd4 {[%emt 0:05:09]} 5. Nxd4 {[%emt 0:00:16]} g6 {[%emt 0:06:05]} 6. e4 {[%emt 0:00:45]} d6 {[%emt 0:02:11]} 7. Be2 {[%emt 0:00:20]} Bg7 {[%emt 0:00:25]} 8. Be3 {[%emt 0:00:11]} O-O {[%emt 0:02:41]} 9. O-O {[%emt 0:00:10]} Bd7 {[%emt 0:03:37]} 10. Qd2 {[%emt 0:00:43]} Ng4 {[%emt 0:08:06]} 11. Bxg4 {[%emt 0:01:07]} Bxg4 {[%emt 0:00:21]} 12. Rac1 {[%emt 0:01:08]} Re8 {[%emt 0:06:03]} 13. h3 {[%emt 0:07:39]} Bd7 {[%emt 0:01:50]} 14. Rfd1 {[%emt 0:00:20]} Rc8 {[%emt 0:04:33]} 15. b3 {[%emt 0:01:53]} Qa5 {[%emt 0:03:05]} 16. Nde2 {[%emt 0:02:53]} Rcd8 {[%emt 0:03:40]} 17. Nb5 {[%emt 0:07:40]} Qxd2 {[%emt 0:01:45]} 18. Rxd2 {[%emt 0:00:09]} b6 {[%emt 0:01:22]} 19. Nc7 {[%emt 0:05:31]} Rf8 {[%emt 0:00:14]} 20. Nd4 {[%emt 0:00:48]} Nxd4 {[%emt 0:12:55]} 21. Bxd4 {[%emt 0:00:10]} Bc6 {[%emt 0:05:20]} 22. Nd5 {[%emt 0:01:36]} Rfe8 {[%emt 0:05:26]} 23. Bxg7 {[%emt 0:00:43]} Kxg7 {[%emt 0:00:10]} 24. f3 {[%emt 0:01:45]} Rc8 {[%emt 0:01:37]} 25. Ne3 {[%emt 0:03:11]} Rc7 {[%emt 0:01:58]} 26. Kf2 {[%emt 0:01:17]} Rec8 {[%emt 0:01:04]} 27. h4 {[%emt 0:00:31]} Kf8 {[%emt 0:05:26]} 28. g4 {[%emt 0:04:14]} b5 {[%emt 0:01:05]} 29. cxb5 {[%emt 0:02:17]} Bxb5 {[%emt 0:00:14]} 30. Rxc7 {[%emt 0:00:12]} Rxc7 {[%emt 0:00:06]} 31. g5 {[%emt 0:00:16]} Ke8 {[%emt 0:04:46]} 32. f4 {[%emt 0:03:44]} Rc1 {[%emt 0:01:21]} 33. e5 {[%emt 0:01:37]} dxe5 {[%emt 0:01:19]} 34. fxe5 {[%emt 0:00:08]} Rh1 {[%emt 0:02:47]} 35. Nd5 {[%emt 0:07:08]} Rh2+ {[%emt 0:04:51]} 36. Ke3 {[%emt 0:02:13]} Rh3+ {[%emt 0:00:33]} 37. Kf2 {[%emt 0:01:47]} Rh2+ {[%emt 0:00:11]} 38. Ke3 {[%emt 0:00:04]} Rh3+ {[%emt 0:00:05]} 39. Kd4 {[%emt 0:05:57]} Bc6 {[%emt 0:02:48]} 40. Nc7+ {[%emt 0:03:50]} Kd7 {[%emt 0:00:08]} 41. Na6 {[%emt 0:00:07]} Bh1 {[%emt 0:01:22]} 42. Kc5+ {[%emt 0:03:47]} Ke6 {[%emt 0:00:25]} 43. Nc7+ {[%emt 0:00:11]} Kxe5 {[%emt 0:00:18]} 44. Rd7 {[%emt 0:01:08]} Rxh4 {[%emt 0:00:19]} 45. Rxe7+ {[%emt 0:00:40]} Kf5 {[%emt 0:00:12]} 46. Rxf7+ {[%emt 0:00:10]} Kxg5 {[%emt 0:00:24]} 47. Ne6+ {[%emt 0:00:17]} Kg4 {[%emt 0:00:23]} 48. Rxa7 {[%emt 0:00:46]} Rh5+ {[%emt 0:01:11]} 49. Kb4 {[%emt 0:00:33]} Be4 {[%emt 0:02:05]} 50. Nc5 {[%emt 0:00:38]} Bd5 {[%emt 0:00:55]} 51. a4 {[%emt 0:01:47]} Kh3 {[%emt 0:00:19]} 52. Rd7 {[%emt 0:00:34]} h6 {[%emt 0:00:49]} 53. a5 {[%emt 0:01:12]} Rf5 {[%emt 0:00:30]} 54. Rd6 {[%emt 0:00:51]} g5 {[%emt 0:00:31]} 55. Rxh6+ {[%emt 0:00:15]} Kg3 {[%emt 0:00:16]} 56. a6 {[%emt 0:02:06]} g4 {[%emt 0:00:15]} 57. Rd6 {[%emt 0:06:06]} Kf4 {[%emt 0:00:50]} 58. a7 {[%emt 0:00:28]} Bf3 {[%emt 0:00:35]} 59. Rd3 {[%emt 0:00:57]} Bc6 {[%emt 0:00:34]} 60. Rc3 {[%emt 0:03:41]} Bd5 {[%emt 0:00:22]} 61. Ne6+ {[%emt 0:03:58]} Ke4 {[%emt 0:00:12]} 62. Rc4+ {[%emt 0:02:52]} Ke5 {[%emt 0:00:25]} 63. Nc7 {[%emt 0:02:43]} Bf3 {[%emt 0:01:00]} 64. Rxg4 {[%emt 0:00:33]} Rf8 {[%emt 0:00:23]} 65. Rg3 {[%emt 0:01:25]} Bb7 {[%emt 0:00:31]} 66. Rg6 {[%emt 0:01:04]} Rc8 {[%emt 0:00:25]} 67. Nb5 {[%emt 0:00:44]} Be4 {[%emt 0:00:40]} 68. Rb6 {[%emt 0:00:22]} Ra8 {[%emt 0:00:31]} 69. Rb8 {[%emt 0:00:13]} 1-0

[Event "Baltic Zonal III Stage 2018"]
[Site "Liepaja"]
[Date "2018.07.10"]
[Round "2"]
[White "Berzinsh, Roland"]
[Black "Pedoson, Georg Aleksander"]
[Result "0-1"]
[WhiteElo "2410"]
[BlackElo "2176"]
[Annotator "NA"]
[PlyCount "44"]
[EventDate "2018.07.09"]
[EventType "swiss"]
[EventCountry "LAT"]
[SourceTitle "playchess.com"]
[Source "ChessBase"]
[SourceQuality "1"]
[TimeControl "5400+30"]

1. e4 {[%emt 0:09:03]} e5 {[%emt 0:00:00]} 2. Bc4 {[%emt 0:00:21]} Nf6 {[%emt 0:09:00]} 3. d3 {[%emt 0:00:21]} c6 {[%emt 0:02:53]} 4. Nf3 {[%emt 0:00:09]} d5 {[%emt 0:02:41]} 5. Bb3 {[%emt 0:00:17]} Bd6 {[%emt 0:02:21]} 6. Nc3 {[%emt 0:00:16]} O-O {[%emt 0:07:02]} 7. exd5 {[%emt 0:07:28]} cxd5 {[%emt 0:02:35]} 8. Bxd5 {[%emt 0:00:50]} Nxd5 {[%emt 0:01:28]} 9. Nxd5 {[%emt 0:00:10]} f5 {[%emt 0:00:29]} 10. O-O {[%emt 0:01:35]} Nc6 {[%emt 0:00:39]} 11. c4 {[%emt 0:00:55]} h6 {[%emt 0:03:11]} 12. Re1 {[%emt 0:13:09]} Be6 {[%emt 0:05:55]} 13. Bd2 {[%emt 0:10:14]} Qd7 {[%emt 0:05:35]} 14. Bc3 {[%emt 0:03:46]} Rae8 {[%emt 0:00:40]} 15. Re2 {[%emt 0:12:18]} Bf7 {[%emt 0:04:34]} 16. Qb3 {[%emt 0:08:03]} Kh7 {[%emt 0:04:06]} 17. Re3 {[%emt 0:13:29]} Bh5 {[%emt 0:05:04]} 18. Qc2 {[%emt 0:00:16]} f4 {[%emt 0:03:10]} 19. Ree1 {[%emt 0:00:05]} Bxf3 {[%emt 0:00:41]} 20. gxf3 {[%emt 0:00:09]} Nd4 {[%emt 0:13:33]} 21. Bxd4 {[%emt 0:01:00]} exd4 {[%emt 0:00:03]} 22. Re4 {[%emt 0:03:15]} Qh3 {[%emt 0:00:46]} 0-1

[Event "Baltic Zonal III Stage 2018"]
[Site "Liepaja"]
[Date "2018.07.10"]
[Round "2"]
[White "Klabis, Rokas"]
[Black "Laurusas, Tomas"]
[Result "0-1"]
[WhiteElo "2347"]
[BlackElo "2465"]
[Annotator "ChessBase"]
[PlyCount "104"]
[EventDate "2018.07.09"]
[EventType "swiss"]
[EventCountry "LAT"]
[SourceTitle "playchess.com"]
[Source "ChessBase"]
[SourceQuality "1"]
[TimeControl "5400+30"]

1. e4 {[%emt 0:00:00]} c5 {[%emt 0:00:00]} 2. Nc3 {[%emt 0:00:00]} e6 {[%emt 0:00:00]} 3. g3 {[%emt 0:00:00]} a6 {[%emt 0:00:00]} 4. Bg2 {[%emt 0:00:55]} b5 {[%emt 0:00:00]} 5. Nf3 {[%emt 0:04:18]} Bb7 {[%emt 0:00:10]} 6. d3 {[%emt 0:00:06]} d6 {[%emt 0:00:13]} 7. O-O {[%emt 0:00:39]} Nf6 {[%emt 0:00:08]} 8. Re1 {[%emt 0:05:35]} b4 {[%emt 0:05:15]} 9. Ne2 {[%emt 0:08:01]} Be7 {[%emt 0:05:02]} 10. a3 {[%emt 0:03:04]} a5 {[%emt 0:03:52]} 11. h3 {[%emt 0:03:49]} O-O {[%emt 0:00:28]} 12. g4 {[%emt 0:02:06]} Nc6 {[%emt 0:00:42]} 13. Ng3 {[%emt 0:02:09]} Nd7 {[%emt 0:04:20]} 14. Be3 {[%emt 0:13:09]} Nb6 {[%emt 0:06:30]} 15. Qc1 {[%emt 0:07:15]} Rc8 {[%emt 0:08:08]} 16. Nh5 {[%emt 0:07:23]} g6 {[%emt 0:00:34]} 17. Ng3 {[%emt 0:00:03]} e5 {[%emt 0:05:54]} 18. c4 {[%emt 0:09:18]} bxc3 {[%emt 0:01:33]} 19. bxc3 {[%emt 0:00:04]} Ba6 {[%emt 0:02:05]} 20. c4 {[%emt 0:00:55]} Rb8 {[%emt 0:04:13]} 21. Bh6 {[%emt 0:08:10]} Re8 {[%emt 0:00:34]} 22. Ne2 {[%emt 0:00:05]} Nd4 {[%emt 0:00:41]} 23. Nfxd4 {[%emt 0:00:22]} cxd4 {[%emt 0:00:07]} 24. Bd2 {[%emt 0:01:10]} Na4 {[%emt 0:01:29]} 25. Rb1 {[%emt 0:03:47]} Qc7 {[%emt 0:02:45]} 26. Qc2 {[%emt 0:01:21]} Nc5 {[%emt 0:00:05]} 27. Bf3 {[%emt 0:02:27]} Rb7 {[%emt 0:01:43]} 28. Rxb7 {[%emt 0:00:45]} Bxb7 {[%emt 0:00:01]} 29. Rb1 {[%emt 0:10:52]} Bc6 {[%emt 0:00:05]} 30. Nc1 {[%emt 0:00:03]} Ba4 {[%emt 0:06:09]} 31. Qb2 {[%emt 0:00:04]} Ra8 {[%emt 0:00:13]} 32. Kf1 {[%emt 0:03:01]} Bd8 {[%emt 0:02:29]} 33. Ke1 {[%emt 0:00:20]} Qe7 {[%emt 0:00:38]} 34. g5 {[%emt 0:01:29]} f6 {[%emt 0:03:31]} 35. Bd1 {[%emt 0:02:04]} Bd7 {[%emt 0:00:44]} 36. h4 {[%emt 0:00:16]} f5 {[%emt 0:02:55]} 37. Bc2 {[%emt 0:00:42]} Qe6 {[%emt 0:00:22]} 38. Nb3 {[%emt 0:00:21]} Na4 {[%emt 0:01:08]} 39. exf5 {[%emt 0:01:36]} Qxf5 {[%emt 0:00:15]} 40. Nxd4 {[%emt 0:00:43]} exd4 {[%emt 0:01:02]} 41. Qxd4 {[%emt 0:00:17]} Qe5+ {[%emt 0:05:37]} 42. Qxe5 {[%emt 0:00:04]} dxe5 {[%emt 0:00:04]} 43. d4 {[%emt 0:00:02]} exd4 {[%emt 0:01:38]} 44. Be4 {[%emt 0:00:04]} Rc8 {[%emt 0:00:40]} 45. Bb7 {[%emt 0:00:23]} Rc5 {[%emt 0:01:01]} 46. Bd5+ {[%emt 0:00:04]} Kf8 {[%emt 0:00:16]} 47. Bf4 {[%emt 0:00:20]} Bc7 {[%emt 0:00:47]} 48. Rb7 {[%emt 0:00:54]} Bxf4 {[%emt 0:00:06]} 49. Rxd7 {[%emt 0:00:03]} Rc7 {[%emt 0:00:07]} 50. Rd8+ {[%emt 0:00:06]} Ke7 {[%emt 0:00:06]} 51. Rh8 {[%emt 0:00:47]} d3 {[%emt 0:00:04]} 52. Bf3 {[%emt 0:00:51]} d2+ {[%emt 0:00:49]} 0-1

[Event "Baltic Zonal III Stage 2018"]
[Site "Liepaja"]
[Date "2018.07.10"]
[Round "2"]
[White "Rogule, Laura"]
[Black "Sirosh, Ilja"]
[Result "0-1"]
[WhiteElo "2320"]
[BlackElo "2339"]
[Annotator "NA"]
[PlyCount "56"]
[EventDate "2018.07.09"]
[EventType "swiss"]
[EventCountry "LAT"]
[SourceTitle "playchess.com"]
[Source "ChessBase"]
[SourceQuality "1"]
[TimeControl "5400+30"]

1. e4 {[%emt 0:00:00]} e5 {[%emt 0:00:00]} 2. Nf3 {[%emt 0:00:00]} Nc6 {[%emt 0:00:00]} 3. Bb5 {[%emt 0:00:00]} a6 {[%emt 0:00:00]} 4. Ba4 {[%emt 0:00:10]} Nf6 {[%emt 0:00:00]} 5. O-O {[%emt 0:00:18]} Be7 {[%emt 0:00:10]} 6. Re1 {[%emt 0:00:35]} b5 {[%emt 0:00:07]} 7. Bb3 {[%emt 0:00:10]} O-O {[%emt 0:00:10]} 8. c3 {[%emt 0:00:58]} d5 {[%emt 0:00:08]} 9. exd5 {[%emt 0:00:16]} Nxd5 {[%emt 0:00:06]} 10. Nxe5 {[%emt 0:00:50]} Nxe5 {[%emt 0:00:06]} 11. Rxe5 {[%emt 0:00:09]} c6 {[%emt 0:00:07]} 12. d3 {[%emt 0:01:35]} Bd6 {[%emt 0:00:38]} 13. Re1 {[%emt 0:01:51]} Bf5 {[%emt 0:00:13]} 14. Bxd5 {[%emt 0:17:53]} cxd5 {[%emt 0:00:33]} 15. Nd2 {[%emt 0:21:09]} Qh4 {[%emt 0:19:11]} 16. Nf1 {[%emt 0:07:35]} d4 {[%emt 0:02:15]} 17. Qf3 {[%emt 0:06:34]} Bg6 {[%emt 0:06:03]} 18. Bd2 {[%emt 0:07:18]} dxc3 {[%emt 0:34:40]} 19. bxc3 {[%emt 0:02:13]} Rac8 {[%emt 0:02:38]} 20. a4 {[%emt 0:06:51]} Rfd8 {[%emt 0:02:35]} 21. g3 {[%emt 0:05:23]} Qh3 {[%emt 0:00:23]} 22. axb5 {[%emt 0:00:37]} axb5 {[%emt 0:00:02]} 23. d4 {[%emt 0:05:14]} h6 {[%emt 0:02:40]} 24. Ra7 {[%emt 0:03:21]} Bf8 {[%emt 0:03:31]} 25. d5 {[%emt 0:08:32]} Bh5 {[%emt 0:13:14]} 26. Qd3 {[%emt 0:01:16]} Rc5 {[%emt 0:02:18]} 27. Ne3 {[%emt 0:01:50]} Bf3 {[%emt 0:00:27]} 28. Qf1 {[%emt 0:00:32]} Qh5 0-1